[Event "Champions Showdown Kings Blitz 2019-E"]
[Site "Saint Louis"]
[Date "2019.02.22"]
[Round "23"]
[White "Rapport, Richard"]
[Black "Shankland, Samuel"]
[Result "0-1"]
[WhiteElo "2735"]
[BlackElo "2731"]
[Annotator "TA"]
[PlyCount "88"]
[EventDate "2019.02.09"]
[EventType "match"]
[EventCountry "USA"]
[SourceTitle "playchess.com"]
[Source "ChessBase"]
[SourceQuality "1"]

{[%evp 9,88,-34,-19,-15,-19,-29,-10,-11,11,-115,-99,-119,-120,-215,-197,-301,-253,-260,-274,-254,-134,-188,-145,-194,-154,-145,-140,-149,-149,-214,-201,-197,-131,-167,-122,-122,-118,-242,-243,-391,-358,-350,-325,-321,-311,-301,-262,-479,-247,-233,-231,-312,-289,-314,-331,-298,-295,-468,-468,-443,-411,-370,-370,-603,-603,-675,-675,-749,-708,-985,-981,-1791,-675,-1435,-1372,-6103,-5089,-29974,-29975,-29989,-29990]} 1. e4 c5 2. Qh5 Nf6 3. Qh4 d6 (3... Nc6 4. Nf3 d6 5. Bb5 Bd7 6. O-O g6 7. d3 h6 8. Bxc6 Bxc6 9. e5 dxe5 10. Nxe5 {0-1 (39) Rapport,R (2698)-Grischuk,A (2750) chess.com INT 2017}) 4. Nf3 e6 5. Bb5+ $146 ({Predecessor:} 5. e5 dxe5 6. Nxe5 Be7 7. Nc3 O-O 8. Bd3 Nbd7 9. Ng4 h6 10. Nxh6+ gxh6 11. Qxh6 {0-1 (68) Treger,E (2246)-Agaian,S (2162) New York 2003}) 5... Bd7 6. a4 {B20: Sicilian: Unusual White 2nd moves} Be7 7. d3 Nc6 8. O-O {The position is equal.} h6 9. Qg3 (9. e5 $11 {keeps the balance.} Nxe5 10. Nxe5 dxe5 11. Qg3) 9... Nh5 $1 $17 {[%cal Rh5g3]} 10. Qh3 e5 $1 11. Bxc6 (11. Qxh5 $17 g6 12. Qxh6 Rxh6 13. Bxh6) 11... bxc6 $19 12. Qxh5 (12. g4 {keeps fighting.} Nf6 13. Qg2) 12... g6 {[%mdl 64] Trapped Piece} 13. Qxh6 Rxh6 14. Bxh6 f6 ({Better is} 14... g5 $19 {Threatens to win with ...f6.} 15. h4 gxh4) 15. Be3 (15. Bc1 $17 {was worth a try.}) 15... Kf7 {[%mdl 1024] Black has strong compensation.} 16. Na3 Bg4 17. Nd2 g5 18. h3 Be6 19. g4 (19. f3 $17 {is a better defense.}) 19... d5 20. f3 {[#]} c4 $1 {[%mdl 512]} 21. dxc4 $17 d4 $36 {[%mdl 2048] Black is really pushing.} 22. Bf2 Qa5 23. Rfd1 (23. Nab1 $17) 23... Rb8 $19 24. Nb3 (24. b3 $142) 24... Qxa4 25. Kg2 Bxc4 26. Nd2 Be2 27. Re1 Bb5 28. Nxb5 $2 (28. b3 Qb4 29. Nac4) 28... Qxb5 (28... Qxc2 $142 29. Nxd4 exd4) 29. b3 a5 30. Nc4 {[#]} Ra8 $1 31. Ra4 {[#]} d3 $1 {[%cal Rd3c2][%mdl 576] Deflection} 32. cxd3 Qxb3 33. Rxa5 (33. Rea1 $142 Qc3 34. R4a2) 33... Rxa5 34. Nxa5 Qc3 35. Nc4 Qxd3 36. Ne3 $2 (36. Rc1 Bb4 37. Nb6) 36... Bc5 37. Nf1 Qc2 38. Ne3 Qa2 39. Kg3 Bd4 40. Rf1 c5 (40... Bxe3 $142 41. Bxe3 Qe2 {[%mdl 64] Double Attack}) 41. Nd5 Qe2 42. Kg2 c4 {[%cal Bc5c4,Bc4c3][%mdl 32]} 43. Nb4 c3 44. Na2 Qxa2 {Accuracy: White = 38%, Black = 57%.} 0-1

[Event "Champions Showdown Kings Blitz 2019-E"]
[Site "Saint Louis"]
[Date "2019.02.24"]
[Round "24"]
[White "Shankland, Samuel"]
[Black "Rapport, Richard"]
[Result "1/2-1/2"]
[WhiteElo "2731"]
[BlackElo "2735"]
[Annotator "TA"]
[PlyCount "79"]
[EventDate "2019.02.09"]
[EventType "match"]
[EventCountry "USA"]
[SourceTitle "playchess.com"]
[Source "ChessBase"]
[SourceQuality "1"]

{[%evp 27,79,20,26,0,0,-17,-22,-16,0,0,0,-62,-51,-59,-58,-88,-87,-113,-50,-70,-45,-54,-47,-65,-64,-55,-58,-66,-51,-76,-75,-75,-15,-127,-75,-88,-77,-137,-128,-127,-129,-116,-116,-251,-37,-47,-27,-40,0,0,0,0,0,0]} 1. Nf3 Nf6 2. g3 g6 3. b3 Bg7 4. Bb2 O-O 5. Bg2 c6 6. c4 d6 7. Nc3 e5 8. O-O Re8 9. e4 Na6 10. d4 exd4 11. Nxd4 Nc5 12. Re1 a5 13. h3 Qb6 14. Rb1 Nfd7 15. Re2 $146 {E69: King's Indian: Fianchetto: 6...Nbd7 7 0-0 e5 8 e4 c6 9 h3} ({Predecessor:} 15. Nf3 Qb4 16. Qc2 a4 17. Nxa4 Nxa4 18. Bxg7 Kxg7 19. bxa4 Qxa4 20. Qd3 Kg8 21. Qxd6 Qxc4 22. e5 Qxa2 {½-½ (46) Forcen Esteban,D (2457)-Suarez Uriel,A (2249) Salobrena 2012}) 15... a4 16. Nxa4 Nxa4 17. bxa4 Qc7 18. Bc3 Nb6 19. Qb3 (19. Rb4 $11) 19... Nxa4 $15 20. Ba1 Nc5 21. Qe3 Ra4 22. Rc2 Qe7 (22... f5 $17 {[%cal Rc5e4]} 23. Nb3 Nxe4 24. Bxg7 Qxg7) 23. Re1 Bd7 24. Nb3 Bxa1 25. Nxc5 dxc5 26. Rxa1 Rea8 27. Rb1 Be6 28. Rcb2 R8a7 29. Qf4 Kg7 ({Better is} 29... Bc8 $17) 30. Qb8 {[#]} (30. Qe5+ $1 $11 Qf6 31. Qxc5) 30... Rxa2 (30... Qf6 $142 $1 31. e5 Qf5) 31. Rxa2 $17 Rxa2 32. Rxb7 (32. Qe5+ $142 Qf6 33. Qxc5) 32... Qf6 33. Qf4 Qxf4 ({Resist} 33... Bxc4 34. Qxf6+ Kxf6 35. f4 $15) 34. gxf4 Bxc4 {[%mdl 4096] Endgame ...Bb5 is the strong threat. KRB-KRB} 35. Rc7 {[#]} (35. e5 $17) 35... Ra6 $2 (35... Bd3 $1 $19 {Strongly threatening ...Ra6.} 36. Rxc6 c4) 36. e5 $15 Be6 37. Bxc6 Bxh3 38. Bd5 {The position is equal.} Be6 39. Bxe6 Rxe6 40. Rxc5 {Accuracy: White = 36%, Black = 35%.} 1/2-1/2